NEET Physics/ (Record no. 209221)

MARC details
000 -LEADER
fixed length control field 00606nam a22001817a 4500
005 - DATE AND TIME OF LATEST TRANSACTION
control field 20250225155414.0
010 ## - LCCN (DPL NO)
LC control number ENG-143834
020 ## - INTERNATIONAL STANDARD BOOK NUMBER
Terms of availability 450.00
International Standard Book Number 9789367139769
035 ## - SYSTEM CONTROL NUMBER
System control number EN-127366
037 ## - SOURCE OF ACQUISITION
Source of stock number/acquisition DBAD
082 ## - DEWEY DECIMAL CLASSIFICATION NUMBER
Classification number 530
245 ## - TITLE STATEMENT
Title NEET Physics/
260 ## - PUBLICATION, DISTRIBUTION, ETC. (IMPRINT)
Place of publication, distribution, etc Utter Pradesh
Name of publisher, distributor, etc By Pearson India Education Services
270 ## - ADDRESS
Address 1st floor, Berger Tower,Plot No. C-001A/2, Sector 16B, Noida
City Utter Pradesh
Postal code 20301
Telephone number 04466540100
Electronic mail address companysecreetary.india@pearson.com
300 ## - PHYSICAL DESCRIPTION
Extent 189vp.
Dimensions 25cm(pb)
500 ## - GENERAL NOTE
General note A Complete Guide For NEET Aspirants
942 ## - ADDED ENTRY ELEMENTS (KOHA)
Source of classification or shelving scheme Dewey Decimal Classification
Item type English Books
Classification part 530
Call number suffix NEE
Holdings
Withdrawn status Lost status Not for loan Collection code Home library Current library Date acquired Source of acquisition Cost, normal purchase price Full call number Barcode Copy number Cost, replacement price Koha item type
      Non-fiction Central Library Central Library 18/02/2025 DBAD 450.00 530 NEE EN-127366 1 450.00 English Books

© Delhi Public Library
Hit Counter
free hit counter